| 000 | 01521nam0a22003131 4500 | ||
|---|---|---|---|
| 001 | rc\4113680 | ||
| 005 | 20130415171635.0 | ||
| 021 |
_aRU _b[57-1286] |
||
| 035 | _a(NLR Aleph) 008147423 | ||
| 090 |
_a9523818 _c9523818 |
||
| 100 | _a20130415d1956 |||y0rusy50 ca | ||
| 101 | 0 | _arus | |
| 102 | _aRU | ||
| 105 | _aa z ||||| | ||
| 200 | 1 |
_aРационализация в фанерной и спичечной промышленности _eСборник рационализаторских предложений _fМ-во бумажной и деревообрабатывающей пром-сти СССР. Бюро по делам изобретательства |
|
| 210 |
_aМосква _aЛенинград _cГослесбумиздат _d1956 |
||
| 215 |
_a307 с. _cил. _d22 |
||
| 300 | _aНа обороте тит. л. сост.: В.М. Бекетов, С.С. Лабковский, К.И. Смоленский | ||
| 606 |
_aФанерное производство _jСборники _2psbo |
||
| 606 |
_aСпичечное производство _jСборники _2psbo |
||
| 702 | 1 |
_aЛабковский _bС. С. _4220 |
|
| 702 | 1 |
_aСмоленский _bК. И. _4220 |
|
| 702 | 1 |
_aБекетов _bВ. М. _4220 |
|
| 712 | 0 | 1 |
_aСССР _bМинистерство бумажной и деревообрабатывающей промышленности _3RU\NLR\AUTH\8810129784 |
| 801 | 0 |
_aRU _bNLR _gpsbo |
|
| 801 | 1 |
_aRU _bELAR _2rusmarc |
|
| 852 |
_aNLR _j57-5/205 |
||
| 942 | _cBOOK | ||
| 980 | _aNB | ||